000 00595nam a2200241Ia 4500
003 OSt
005 20220924144941.0
006 a|||||r|||| 00| 0
007 ta
008 220923b |||||||| |||| 00| 0 per d
024 _a324045
037 _cTextual
040 _aARTS
_cARTS
_bper
041 _2per
_aper
082 _aNRvN7, 164M5
100 _aHasni Saadi Au.
_9218740
245 0 _aTareekh-e-mausiqi
260 _c1985
300 _a232p.
_ccm.
650 _aMUSIC
_917402
942 _hNRvN7, 164M5
_cTEXL
_2CC
999 _c458706
_d458706